[Event "Galapagar op 10th"]
[Site "Galapagar"]
[Date "2009.07.20"]
[Round "3"]
[White "Vidal Herrero, Vior Pablo"]
[Black "Valderrama Arroyo, Victor"]
[Result "0-1"]
[WhiteElo "1752"]
[BlackElo "1882"]
[PlyCount "38"]
[EventDate "2009.07.18"]
[EventType "swiss"]
[EventRounds "9"]
[EventCountry "ESP"]
[SourceTitle "EXT 2010"]
[Source "ChessBase"]
[SourceDate "2010.11.25"]
[SourceVersion "1"]
[SourceVersionDate "2010.11.25"]
[SourceQuality "1"]

1. d4 Nf6 2. c4 e6 3. a3 b6 4. Nc3 Bb7 5. Bg5 Be7 6. Nf3 0-0 7. Qc2 d5 8. e3 Nbd7 9. Bd3 h6 10. Bh4 Rc8 11. 0-0 c5 12. Rac1 dxc4 13. Be2 Nd5 14. Bxe7 Qxe7 15. Nd2 cxd4 16. exd4 Nf4 17. Nxc4 Bxg2 18. Rfe1 Qg5 19. f3 Nh3# 0-1

[Event "Galapagar op 10th"]
[Site "Galapagar"]
[Date "2009.07.18"]
[Round "1"]
[White "Moreno Antonio, Mario"]
[Black "Valderrama Arroyo, Victor"]
[Result "1/2-1/2"]
[WhiteElo "1890"]
[BlackElo "1882"]
[PlyCount "48"]
[EventDate "2009.07.18"]
[EventType "swiss"]
[EventRounds "9"]
[EventCountry "ESP"]
[SourceTitle "EXT 2010"]
[Source "ChessBase"]
[SourceDate "2010.11.25"]
[SourceVersion "1"]
[SourceVersionDate "2010.11.25"]
[SourceQuality "1"]

1. d4 Nf6 2. Nf3 e6 3. Bg5 Be7 4. c4 b6 5. e3 Bb7 6. Bd3 0-0 7. 0-0 d5 8. Nbd2 h6 9. Bh4 Nbd7 10. Rc1 c5 11. cxd5 Nxd5 12. Bxe7 Qxe7 13. Bb1 N5f6 14. Nc4 Ne4 15. Nce5 Nxe5 16. dxe5 Rfd8 17. Qc2 Ng5 18. Nxg5 Qxg5 19. f4 Qg4 20. Qf2 Ba6 21. Rfe1 Bd3 22. h3 Qh5 23. Bc2 Bxc2 24. Qxc2 Rd7 1/2-1/2